| 000 | nam a22 7a 4500 | ||
|---|---|---|---|
| 999 |
_c330434 _d330434 |
||
| 003 | ASAB | ||
| 005 | 20170712130203.0 | ||
| 008 | 170712b xxu||||| |||| 00| 0 eng d | ||
| 040 | _cASAB | ||
| 082 | _aThesis 2015 AS | ||
| 100 |
_aAbida Siddiqa _93247 |
||
| 245 |
_aTH-PhD-Molecular characterisation of High Risk Human papillomavirus(HPV) : Genotyping, genome analysis and functional interaction between HPV 16 E2 and L1 _cAbida Siddiqa-sup-Dr. Muhammad Faraz Bhatti |
||
| 260 |
_aIslamabad _bAtta ur Rahman School of Applied Biosciences NUST _c2015 |
||
| 300 | _a259 P | ||
| 630 |
_aHuman Papillomavirus (HPV) _93248 |
||
| 630 |
_aGenome Analysis and functional Interaction. _93249 |
||
| 942 |
_2ddc _cTH |
||